000 00962nam a22003137a 4500
003 CHAP
005 20220817042456.0
008 971013s r 00010 d
010 _a45781
011 _a46753
035 _a50894
040 _cCHAP
090 _aFolleto 3243
110 _aUNESCO
245 _aCaudal de algunos ríos del mundo
260 _aParis :
_bUNESCO,
_c19 -
300 _av.
490 _aEstudios e informes de hidrología
500 _aLa biblioteca tiene: v.3 Caudales mensuales medianos y caudales extremos (1965-1969)
590 _aBATCH-UPD
_b10
_c20130110
_lUCH01
_h1059
590 _aBATCH-UPD
_b10
_c20130410
_lUCH01
_h0653
590 _aBATCH-UPD
_b10
_c20130914
_lUCH01
_h2000
590 _aCONVERSION
_b10
_c20130109
_lUCH01
_h1325
650 1 4 _aRíos.
_999166
830 0 _aEstudios e informes de hidrología
_938539
901 _aBK
942 _cFOLL
949 _aFolleto 3243
_bBC
_cFOLL
_d-114217
_eTS1
_fv.3
_i50894
_si
999 _c45781
_d45781